[Event "Bern Training"]
[Site "Bern"]
[Date "1992.??.??"]
[Round "5"]
[White "Zueger, Beat"]
[Black "Gavrikov, Viktor"]
[Result "1/2-1/2"]
[WhiteElo "2420"]
[BlackElo "2560"]

1.c4 c6 2.Nc3 d5 3.cxd5 cxd5 4.d4 Nf6 5.Nf3 Nc6 6.Bf4 a6 7.Ne5 e6 8.e3 Nxe5
9.Bxe5 Be7 10.Bd3 O-O 11.O-O Bd7 12.Rc1 Bc6 13.Qe2 Rc8 14.h3 Qd7 15.a3 Ne4
16.Rc2 Nxc3 17.Rxc3 Bb5 18.Rfc1 Rxc3 19.Rxc3 Bxd3 20.Qxd3 Rc8  1/2-1/2

[Event "Bern op"]
[Site "Bern"]
[Date "1992.??.??"]
[Round "6"]
[White "Gulko, Boris F"]
[Black "Shabalov, Alexander"]
[Result "1-0"]
[WhiteElo "2560"]
[BlackElo "2535"]

1.c4 c6 2.e4 e6 3.Nf3 d5 4.cxd5 exd5 5.exd5 cxd5 6.Bb5+ Nc6 7.Qe2+ Qe7 8.Ne5 Bd7
9.Bxc6 bxc6 10.O-O Kd8 11.b3 Qe6 12.Bb2 f6 13.Qf3 Bd6 14.Nxd7 Kxd7 15.Nc3 Nh6
16.Na4 Qf5 17.Qc3 Ng4 18.Nc5+ Bxc5 19.Qxc5 Rhe8 20.Rac1 Re6 21.h3 Ne5 22.Bxe5 fxe5
23.b4 Qd3 24.Rfe1 Qa6 25.a4 Qb7 26.b5 cxb5 27.axb5 Rc8 28.Qa3 Rxc1 29.Rxc1 Ke8
30.Rc5 Rb6 31.Qc3 d4 32.Rxe5+  1-0

[Event "Bern op"]
[Site "Bern"]
[Date "1992.??.??"]
[Round "8"]
[White "Miezis, Normunds"]
[Black "Pinkas, Karol"]
[Result "0-1"]
[WhiteElo "2350"]
[BlackElo "2345"]

1.c4 c6 2.e4 d5 3.cxd5 cxd5 4.exd5 Nf6 5.Bb5+ Nbd7 6.Nc3 g6 7.d4 Bg7 8.d6 exd6
9.Qe2+ Qe7 10.Qxe7+ Kxe7 11.Bf4 a6 12.Be2 Nb6 13.Bf3 Rb8 14.O-O-O Bf5 15.Nge2 Rhc8
16.Rhe1 Kd7 17.b3 Nbd5 18.Kb2 Rxc3 19.Nxc3 Nxf4 20.Ka3 Nd3 21.Re3 Nxf2 22.Rde1 Ng8
23.Nd5 Bxd4 24.Re7+ Nxe7 25.Rxe7+ Kd8 26.Rxf7 Ke8 27.Rxh7 Nd3 28.b4 Kf8 29.Rc7 Ne5
30.Bd1 Be6 31.Bb3 Nd3 32.Bc4 g5 33.g3 b5 34.Bxd3 Bxd5 35.Bg6 Bc4 36.h4 gxh4
37.gxh4 a5 38.bxa5 Ra8 39.Kb4 Bc5+ 40.Kc3 Rxa5 41.Bb1 Ra3+ 42.Kb2 Rh3  0-1

[Event "Biel"]
[Site "Biel"]
[Date "1992.??.??"]
[Round "7"]
[White "Miles, Anthony J"]
[Black "Beliavsky, Alexander G"]
[Result "1/2-1/2"]
[WhiteElo "2595"]
[BlackElo "2595"]

1.c4 c6 2.e4 d5 3.cxd5 cxd5 4.exd5 Nf6 5.Bb5+ Nbd7 6.Nc3 g6 7.d4 Bg7 8.d6 exd6
9.Qe2+ Qe7 10.Bf4 Qxe2+ 11.Bxe2 Ke7 12.Bf3 Nb6 13.b3 Rb8 14.Nb5 Ne8 15.Ne2 a6
16.Nbc3 Nc7 17.O-O-O h5 18.Rhe1 Bg4 19.Be4 Rhc8 20.Kb1 Ne8 21.h3 Bd7 22.Rd3 Kf8
23.Re3 Kg8 24.Bf3 Bf8 25.g4 hxg4 26.hxg4 Nf6 27.g5 Ng4 28.Bxg4 Bxg4 29.Ng3 Rxc3
30.Rxc3 Nd5 31.Rc2 Nxf4 32.Re4 Bd1 33.Rxf4 Bxc2+ 34.Kxc2 d5 35.Nf1 Be7 36.Rg4 Kf8
37.Ne3 Rd8 38.Kd3 Ba3 39.Rg1 Ke7 40.Re1 Kf8 41.Ng4 Bd6 42.Ne5 Kg7 43.Re3 Re8
44.Ng4 Rh8 45.Rf3 Rh4 46.Ne5 Bxe5 47.dxe5 Re4 48.Re3 Rf4 49.e6 Kf8 50.Re5 Rxf2
51.Rxd5 Rxa2 52.Rd7 fxe6 53.Rxb7 Ra5 54.Ra7 Rxg5 55.Rxa6 Kf7 56.b4 Rg1 57.b5 g5
58.b6 Rb1 59.Kc4 g4 60.Kc5 g3 61.Ra2 Kf6 62.Kc6 Kf5 63.b7 e5 64.Ra1 Rb2 65.Ra2 Rb4
66.Ra4 Rb1 67.Ra1 Rb3 68.Ra3 Rxb7  1/2-1/2

[Event "SWE-ch"]
[Site "Borlange"]
[Date "1992.??.??"]
[Round "1"]
[White "Wessman, Richard"]
[Black "Engqvist, Thomas"]
[Result "0-1"]
[WhiteElo "2445"]
[BlackElo "2390"]

1.c4 c6 2.b3 d5 3.Bb2 Bg4 4.h3 Bh5 5.d3 Nd7 6.Nd2 e5 7.cxd5 cxd5 8.g4 Bg6
9.Bg2 Ne7 10.b4 f6 11.a3 Bf7 12.e3 a5 13.Ngf3 axb4 14.axb4 Nc6 15.b5 Nb4
16.Ke2 Bg6 17.Ne1 Nc5 18.e4 Ne6 19.Kf1 Nf4 20.Rxa8 Qxa8 21.Qb3 Bf7 22.exd5 Be7
23.Nc4 O-O 24.Be4 Qd8 25.Bc1 Nbxd5 26.Ng2 Ne6 27.Nxe5 fxe5 28.Qxd5 Qc7 29.Bb2 Qc2
30.Qxe5 Bc5 31.Kg1 Qxf2+ 32.Kh2 Rd8 33.Bxh7+ Kxh7 34.Qf5+ Qxf5 35.gxf5 Nd4
36.Rc1 b6 37.Nh4 Bd6+ 38.Kg2 Bd5+ 39.Kf2 Bc5 40.Kg3 Ne2+ 41.Kg4 Nxc1 42.Bxc1  0-1

[Event "SWE-ch"]
[Site "Borlange"]
[Date "1992.??.??"]
[Round "2"]
[White "Karlsson, Lars"]
[Black "Wessman, Richard"]
[Result "1/2-1/2"]
[WhiteElo "2480"]
[BlackElo "2445"]

1.c4 c6 2.Nf3 Nf6 3.b3 g6 4.Bb2 Bg7 5.g3 O-O 6.Bg2 d5 7.d3 Bg4 8.Nbd2 Nbd7
9.O-O Re8 10.h3 Bxf3 11.Bxf3 e6 12.Bg2 h5 13.h4 Ng4 14.Bxg7 Kxg7 15.e3 Qf6
16.d4 Rad8 17.Rc1 Qe7 18.Qc2 Ndf6 19.Qc3 e5 20.dxe5 Qxe5 21.Qxe5 Nxe5 22.cxd5 Nxd5
23.Ne4 Nb4 24.a3 Nbd3 25.Rc2 f5 26.Ng5 Ng4 27.Rd1 Kf6 28.Nh3 Nf4 29.Rcd2 Ne2+
30.Kh1 Rxd2 31.Rxd2 Nxg3+ 32.fxg3 Rxe3 33.Rb2 Rxg3 34.Ng5 Rd3 35.Bf3 Ne5
36.Kg2 Nxf3 37.Nxf3 f4 38.a4 c5 39.a5 Kf5 40.Re2 b6 41.axb6 axb6 42.b4 Re3
43.Rd2 Kg4 44.Nh2+ Kxh4 45.bxc5 bxc5 46.Rc2 Rg3+ 47.Kh1 g5 48.Rxc5 g4 49.Rf5 f3
50.Nf1 Rg2 51.Ne3 Ra2 52.Nf1 Ra3 53.Kg1 g3 54.Nxg3 Kxg3 55.Rg5+ Kh4 56.Rg8 Ra2
57.Kf1 Kh3 58.Rf8 Kg3 59.Rg8+ Kh2 60.Rf8 Ra4 61.Kf2 h4 62.Rxf3  1/2-1/2

[Event "Bratislava op"]
[Site "Bratislava"]
[Date "1992.??.??"]
[Round "5"]
[White "Tabatadze, Tamaz"]
[Black "Shumiakina, Tatiana"]
[Result "1-0"]
[WhiteElo "2405"]
[BlackElo "2310"]

1.c4 c6 2.d4 d5 3.Nf3 e6 4.e3 f5 5.h3 Nf6 6.g4 fxg4 7.hxg4 Nxg4 8.Bd3 Bb4+
9.Bd2 Bxd2+ 10.Nbxd2 Nf6 11.Qc2 Nbd7 12.Bxh7 Rxh7 13.Rxh7 Nxh7 14.Qg6+ Kf8
15.Qxh7 Qf6 16.Qh8+ Kf7 17.O-O-O b6 18.Qh2 Ba6 19.Qc7 Qd8 20.Ne5+ Ke8 21.Qxc6 Ke7
22.Nxd7 Rc8 23.Ne5  1-0

[Event "Brussels SWIFT blitz"]
[Site "Brussels"]
[Date "1992.??.??"]
[Round "?"]
[White "Timman, Jan H"]
[Black "Lobron, Eric"]
[Result "1/2-1/2"]
[WhiteElo "2620"]
[BlackElo "2575"]

1.c4 c6 2.Nc3 Nf6 3.d4 d6 4.Nf3 Nbd7 5.g3 e5 6.Bg2 Be7 7.O-O O-O 8.e4 a6
9.a4 Re8 10.b3 a5 11.Bb2 Bf8 12.h3 exd4 13.Nxd4 Nc5 14.Qc2 Na6 15.Rad1 Nb4
16.Qd2 Qb6 17.Rfe1 Nd7 18.Kh2 Nc5 19.Re3 Bd7 20.f4 Rad8 21.Qe2 Bc8 22.Ba1 Nba6
23.Rb1 Nb4 24.Rd1 Nba6 25.Rb1 Nb4 26.Nd1 g6 27.Nf2 Bg7 28.Rd1 h5 29.g4 hxg4
30.hxg4 Qc7 31.Qf3 Qe7 32.Kg1 Qh4 33.Qe2 Qe7 34.g5 Rf8 35.Re1 Rde8 36.Qf3 f6
37.gxf6 Rxf6 38.Ne2 Rf7 39.Bxg7 Rxg7 40.Qg3 Rf8 41.Ng4 Bxg4 42.Qxg4 Qf6 43.Rd1 Rh7
44.Rg3 Rg7 45.Rh3 Nc2 46.Rc3 Nb4 47.Rh3 Nc2 48.Qg3 Re8 49.Qh2 Kf7 50.Rc3 Nb4
51.Re3 Kg8 52.Qh3 Nc2 53.Rc3 Nb4 54.Re3 Nc2 55.Rc3 Nb4 56.Re3 Nc2 57.Rc3 Nb4  1/2-1/2

[Event "Statisztika IM"]
[Site "Budapest"]
[Date "1992.??.??"]
[Round "11"]
[White "Hohler, Peter"]
[Black "Kiss, Pal"]
[Result "0-1"]
[WhiteElo "2295"]
[BlackElo "2410"]

1.c4 c6 2.Nf3 d5 3.d4 Nf6 4.Nc3 dxc4 5.a4 Bf5 6.e3 e6 7.Bxc4 Bb4 8.O-O Nbd7
9.Qe2 Bg6 10.e4 Bxc3 11.bxc3 Nxe4 12.Ba3 Qc7 13.Qe3 Nb6 14.Bb3 Nd5 15.Bxd5 cxd5
16.Rfc1 Rd8 17.c4 dxc4 18.Ne5 Nd6 19.Qf4 c3 20.Bb4 c2 21.Ra2 O-O 22.Nxg6 hxg6
23.Raxc2 Qb6 24.Bc5 Qa6 25.h3 Rd7 26.Rb2 Rfd8 27.Bxd6 Rxd6 28.Rc7 R6d7 29.Rbc2 Qxa4
30.Rxd7 Qxd7 31.Rc7 Qe8 32.Rxb7 a5 33.Ra7 Ra8 34.Qc7 a4  0-1

[Event "Buenos Aires Najdorf qual"]
[Site "Buenos Aires"]
[Date "1992.??.??"]
[Round "1"]
[White "Fraschini, Mariano"]
[Black "Bulcourf, Carlos"]
[Result "1/2-1/2"]
[WhiteElo "2330"]
[BlackElo "2210"]

1.c4 c6 2.Nc3 d5 3.cxd5 cxd5 4.d4 Nf6 5.Bf4 Nc6 6.e3 e6 7.Nf3 Bd7 8.Bd3 Be7
9.h3 O-O 10.O-O Rc8 11.Ne5 Nxe5 12.Bxe5 b5 13.Nxb5 Qb6 14.Qe2 Ne4 15.Rfc1 f6
16.Bc7 Qb7 17.Ba5 Bxb5 18.Bxb5 Bd6 19.Ba6 Rxc1+ 20.Rxc1 Qb8 21.Qb5 Qxb5 22.Bxb5 Rb8
23.a4 a6 24.Bxa6 Rxb2 25.Be1 Nd2 26.Bc8 Kf7 27.a5 Nc4 28.a6 Bb8 29.e4 g6
30.Bb7 Nd6 31.Ba8 Ra2 32.Rb1 Bc7 33.exd5 Rxa6 34.dxe6+ Kxe6 35.d5+ Kd7 36.Bc6+ Kc8
37.Bc3 f5 38.Re1 Ne4 39.Bd4 Ra2 40.f3 Nd6 41.Re7 Rd2 42.Bc5 Rc2 43.Bf2 Rc1+
44.Kh2 Nf7+ 45.Bg3 Bb6 46.Bf4 Rc4 47.Rxf7 Rxf4 48.Rxh7 Rc4 49.Rh8+ Bd8 50.Bb7+ Kd7
51.Rh7+ Kd6 52.Rh6 Kc7 53.Rh7+ Kd6 54.Rg7 g5 55.Rg6+ Kc7 56.Rc6+ Rxc6 57.dxc6 Be7
58.g3 Bd6 59.Kg2 Be7 60.Kf2 Bc5+ 61.Ke2 Be7 62.Ke3 Kd6 63.Kd4 Bd8 64.Bc8 Kxc6
65.Bxf5 Kd6 66.Ke4 Bc7 67.g4 Ke7 68.h4 Kf6  1/2-1/2

[Event "FMDA tt"]
[Site "Buenos Aires"]
[Date "1992.??.??"]
[Round "4"]
[White "Giardelli, Sergio C"]
[Black "Fernandez Murga, Roberto"]
[Result "1-0"]
[WhiteElo "2430"]
[BlackElo "2260"]

1.c4 c6 2.d4 d5 3.e3 Nf6 4.Nc3 g6 5.Bd3 Bg7 6.Nge2 O-O 7.O-O Nbd7 8.cxd5 cxd5
9.Nf4 Nb8 10.Qb3 e6 11.Bd2 Nc6 12.Rfc1 Bd7 13.Bf1 Re8 14.Na4 Ne4 15.Be1 Na5
16.Bxa5 Qxa5 17.Nc5 Nxc5 18.Rxc5 Qa4 19.Qxb7 Rab8 20.Qa6 Rxb2 21.Qxa4 Bxa4
22.Ra5 Bc2 23.Rxa7 Rc8 24.a4 Bb1 25.a5 Bf8 26.a6 Rcb8 27.Rd7 R2b6 28.a7 Ra8
29.Ba6 Bf5 30.g4 Bxg4 31.Bb7 Rb1+ 32.Rxb1 Rxa7 33.Bc6 Ra2 34.Rb8 Kg7 35.h3  1-0

[Event "Grand Prix II"]
[Site "Buenos Aires"]
[Date "1992.??.??"]
[Round "8"]
[White "Giardelli, Sergio C"]
[Black "Cativelli, Gerardo"]
[Result "1/2-1/2"]
[WhiteElo "2430"]
[BlackElo "2225"]

1.c4 c6 2.g3 d5 3.Qc2 Nf6 4.Bg2 Bg4 5.h3 Bh5 6.d3 e6 7.Nd2 Nbd7 8.a3 a5 9.b3 Be7
10.Bb2 h6 11.Ngf3 O-O 12.O-O Qb6 13.Bc3 Rfc8 14.Qb2 Qd8 15.g4 Bg6 16.Ne5 Nxe5
17.Bxe5 Qf8 18.f4 Nd7 19.Bc3 b5 20.f5 exf5 21.cxd5 cxd5 22.Bxd5 Bxa3 23.Rxa3 Qc5+
24.Bd4 Qxd5 25.gxf5 Bh5 26.Rf2 f6 27.Ne4 Ra6 28.Be3 Ne5 29.Qd2 Rac6 30.Qxa5 Nxd3
31.exd3 Qxd3 32.Nxf6+ Rxf6 33.Qd2 Rd8 34.b4 Qb1+ 35.Rf1 Qxf1+ 36.Kxf1 Rxd2
37.Bxd2 Rxf5+ 38.Kg2 Bf7 39.Kg3 Bd5 40.h4 Rf6 41.Rd3 Rg6+ 42.Kf4 Bc4 43.Rg3 Rf6+
44.Ke3 Re6+ 45.Kf4 Kf7 46.Bc3 g6 47.Re3 g5+ 48.hxg5 hxg5+ 49.Kf3 Bd5+ 50.Kf2 Be4
51.Kg3 Kg6 52.Re1 Rc6 53.Bd4 Bf5 54.Bc5 Ra6 55.Re3 Ra8 56.Re7 Rh8  1/2-1/2

[Event "Labor Day op"]
[Site "CAN"]
[Date "1992.??.??"]
[Round "1"]
[White "Spraggett, Grant"]
[Black "Kaminker, Harry"]
[Result "1-0"]
[WhiteElo "2275"]
[BlackElo "2320"]

1.c4 c6 2.b3 a6 3.g3 g6 4.Bb2 f6 5.Bg2 Nh6 6.e4 d6 7.Ne2 Bg7 8.d4 O-O 9.d5 e6
10.dxe6 Bxe6 11.O-O b5 12.Nd2 Kh8 13.Rc1 Ra7 14.Qc2 Qe8 15.Rfe1 Rff7 16.Nf4 Bc8
17.Nf3 Ng4 18.Nd4 c5 19.Nde2 g5 20.Nh5 Bh6 21.h3 Ne5 22.g4 bxc4 23.bxc4 Be6
24.Rcd1 Bf8 25.Neg3 Nbc6 26.Nf5 Qb8 27.Rb1 Rab7 28.Bc3 Nb4 29.Qd2 Nbd3 30.Rxb7 Rxb7
31.Bxe5 Nxe5 32.Nxf6 h6 33.Nd5 Rb2 34.Qa5 Nxc4 35.Qxa6 Qb5 36.Qxb5 Rxb5 37.Nc7  1-0

[Event "Cappelle op"]
[Site "Cappelle la Grande"]
[Date "1992.??.??"]
[Round "4"]
[White "Sokolovs, Andrei"]
[Black "Astolfi, Frederic"]
[Result "1/2-1/2"]
[WhiteElo "2435"]
[BlackElo "2255"]

1.c4 c6 2.d4 d5 3.Nc3 dxc4 4.Nf3 Nf6 5.a4 Bf5 6.e3 e6 7.Bxc4 Bb4 8.O-O O-O
9.Qb3 Qe7 10.Nh4 Bg4 11.f3 Bh5 12.g4 Bg6 13.e4 a5 14.Na2 Na6 15.Be3 Ne8 16.Nxg6 hxg6
17.Bxa6 Rxa6 18.Nxb4 axb4 19.Bd2 Rb6 20.Qc4 Nd6 21.Qc5 Nc8 22.b3 Rd8 23.Rfd1 Qf6
24.Bg5 Qxf3 25.Bxd8 Qd3 26.Kg2 Qe2+  1/2-1/2

[Event "Cappelle op"]
[Site "Cappelle la Grande"]
[Date "1992.??.??"]
[Round "9"]
[White "Webster, Andrew"]
[Black "Beikert, Guenther"]
[Result "1/2-1/2"]
[WhiteElo "2350"]
[BlackElo "2350"]

1.c4 c6 2.b3 d5 3.Bb2 Bf5 4.Nf3 e6 5.g3 h6 6.Bg2 Nf6 7.O-O Be7 8.d3 O-O 9.Nbd2 a5
10.a3 Qb6 11.Qc2 Rd8 12.Rac1 Na6 13.cxd5 cxd5 14.e4 Bh7 15.Ne5 Bc5 16.Qc3 Rac8
17.d4 Bxa3 18.Qxc8 Bxb2 19.exd5 Bxc1 20.Rxc1 exd5 21.Bxd5 Nxd5 22.Nd7 Ne7
23.Nxb6 Nxc8 24.Rxc8 Rxc8 25.Nxc8 b5 26.Nd6 Bd3 27.f3 Nb4 28.Kf2 a4 29.bxa4 bxa4
30.Ke3 Bg6 31.N6e4 a3 32.Nb3 f5 33.Nc3 Bf7 34.Na1 Bc4 35.Kf4 g6 36.Ke5 Nc6+
37.Kf6 Nxd4 38.Kxg6 Bf7+ 39.Kxh6 Nxf3 40.Nc2 a2 41.Nxa2 Bxa2 42.Ne3 Bb1 43.g4  1/2-1/2

[Event "JUG-chT"]
[Site "Cetinje"]
[Date "1992.??.??"]
[Round "?"]
[White "Konjevic, Djordje"]
[Black "Kosic, Dragan"]
[Result "1/2-1/2"]
[WhiteElo "2365"]
[BlackElo "2435"]

1.c4 c6 2.Nc3 d5 3.cxd5 cxd5 4.d4 Nf6 5.Nf3 e6 6.Bf4 Bd6 7.Bg3 O-O 8.e3 Nc6
9.Bb5 Qe7 10.O-O Bxg3 11.hxg3 Bd7 12.Na4 Rfc8 13.Rc1 Qb4 14.Qb3 Qxb3 15.axb3 Nb4
16.Bxd7 Nxd7 17.Rfd1 Kf8 18.Kf1 Ke7 19.Ke2 Na2 20.Ra1 Rc2+ 21.Nd2 Nb4 22.Rdc1 Rac8
23.Nc3 Rxc1 24.Rxc1 Rc6 25.Ra1 a6 26.g4 h6 27.f3 f6 28.Rc1 e5 29.Nf1 Nf8
30.Ng3 Ne6 31.Rd1 exd4 32.Nf5+ Kf7 33.Nxd4 Rd6 34.Nf5 Rd8 35.Nd4 Nc6 36.Nxe6 Kxe6
37.Na4 Kd6 38.e4 Ne7 39.Nc3 Ke6 40.Ke3 Rd6 41.Na4 b6 42.Nc3 dxe4 43.Rxd6+ Kxd6
44.Kxe4 g6 45.Ne2 Kc5 46.f4 a5 47.Nc1 Nd5 48.Nd3+ Kd6 49.g3  1/2-1/2

[Event "JUG-chT"]
[Site "Cetinje"]
[Date "1992.??.??"]
[Round "?"]
[White "Masic, Ljubomir"]
[Black "Misailovic, Nebojsa"]
[Result "1-0"]
[WhiteElo "2300"]
[BlackElo "2430"]

1.c4 c6 2.Nf3 Nf6 3.Nc3 d5 4.e3 e6 5.b3 Nbd7 6.Bb2 Bd6 7.Qc2 O-O 8.d4 Qe7
9.Be2 dxc4 10.bxc4 e5 11.O-O Re8 12.Rfd1 e4 13.Nd2 Nf8 14.Nf1 Ng6 15.Rd2 a6
16.Re1 h5 17.f3 Bf5 18.c5 Bc7 19.Qd1 Rad8 20.Ng3 Bc8 21.Ngxe4 h4 22.Bd3 Nh7
23.Ree2 f5 24.Nf2 Qg5 25.Nh3 Qh6 26.f4 Ne7 27.Bc4+ Nd5 28.Qb3 Nf6 29.Ng5 Kf8
30.Bxd5 Nxd5 31.Nd1 Qh5 32.Nf3 Re7 33.Nf2 Rde8 34.Ne5 Ba5 35.Rc2 Be6 36.Qa4 Bd8
37.Nh3 Rc7 38.Nf3 Nf6 39.Bc3 Bd5 40.Ne5 Be4 41.Rb2 Nd5 42.Ba5 Rc8 43.Bxd8 Rcxd8
44.Qa5 Kg8 45.Ng5 Rb8 46.Qe1 Nf6 47.h3 Bd5 48.Ngf3 Bxf3 49.gxf3 Nd5 50.Rg2 Re7
51.Rg5 Qh7 52.Rb3 Rc7 53.Qb1 Ne7 54.Rb2 Nd5 55.Rb3 Ne7 56.Rb6 Qh6 57.Qb3+ Kh7
58.Qf7 Nd5 59.Qxf5+ g6 60.Nxg6 Rg7 61.Ne7+ Kh8 62.Nxd5 Rbg8 63.Qe5  1-0

[Event "JUG-chT"]
[Site "Cetinje"]
[Date "1992.??.??"]
[Round "?"]
[White "Raicevic, Ivica"]
[Black "Kosic, Dragan"]
[Result "1/2-1/2"]
[WhiteElo "2290"]
[BlackElo "2435"]

1.c4 c6 2.Nc3 d5 3.cxd5 cxd5 4.d4 Nf6 5.Nf3 Qb6 6.Qb3 Nc6 7.Bf4 Qxb3 8.axb3 e6
9.e3 Bd7 10.Bb5 Be7 11.Ne5  1/2-1/2

[Event "JUG-chT"]
[Site "Cetinje"]
[Date "1992.??.??"]
[Round "?"]
[White "Cvetkovic, Srdjan"]
[Black "Smagin, Sergey"]
[Result "0-1"]
[WhiteElo "2450"]
[BlackElo "2520"]

1.c4 c6 2.Nf3 d5 3.d4 Nf6 4.Qb3 e6 5.g3 Nbd7 6.Bg2 Be7 7.O-O O-O 8.Nc3 a5
9.cxd5 exd5 10.Rd1 Nb6 11.Ne5 a4 12.Qc2 Be6 13.Bg5 Ne8 14.Bxe7 Qxe7 15.a3 Nd6
16.b3 Bf5 17.Qb2 h6 18.e3 Ra7 19.Bf1 Rfa8 20.b4 f6 21.Nd3 Nbc4 22.Qc1 b5
23.Nb2 Nb6 24.f3 Re8 25.Re1 Qd8 26.Qd2 Rae7 27.Rad1 Bg6 28.Qc1 Qd7 29.Kf2 Kh8
30.Kg1 Bh5 31.g4 Bg6 32.h3 Bh7 33.Bg2 f5 34.Nd3 Nbc4 35.Nc5 Qc8 36.e4 fxe4
37.fxe4 Nxe4 38.N5xe4 Bxe4 39.Nxe4 dxe4 40.d5 cxd5 41.Rxd5 Qb7 42.Rc5 Re5
43.Rxe5 Rxe5 44.Qf4 Qb6+ 45.Kh2 e3 46.Bf1 Qd6 47.Bxc4 bxc4 48.Rd1 Qxd1 49.Qxe5 Qe2+
50.Kg1 Qf2+ 51.Kh1 Qf3+ 52.Kh2 e2  0-1

[Event "CSR-chT"]
[Site "CSR"]
[Date "1992.??.??"]
[Round "?"]
[White "Banas, Jan"]
[Black "Beil, Zdenek"]
[Result "1-0"]
[WhiteElo "2385"]
[BlackElo "2340"]

1.c4 c6 2.e4 d5 3.exd5 cxd5 4.d4 Nf6 5.Nc3 e6 6.Nf3 Be7 7.cxd5 Nxd5 8.Bd3 O-O
9.O-O Nd7 10.Re1 N7f6 11.Ne5 Bd7 12.Bg5 Rc8 13.Qf3 Nxc3 14.bxc3 Bc6 15.Qh3 g6
16.Bh6 Qd5 17.Bxf8 Bxf8 18.Bc4 Qa5 19.Bxe6 Rc7 20.Bb3 Bd5 21.Bxd5 Nxd5 22.c4 Nf4
23.Qe3 Bh6 24.Ng4 Bg5 25.Qe8+ Kg7 26.Qe5+ Qxe5 27.Nxe5 Bf6 28.g3 Ne6 29.Rad1 Bxe5
30.Rxe5 Rxc4 31.d5 Nf8 32.Re7  1-0

[Event "EU-chT (Men)"]
[Site "Debrecen"]
[Date "1992.??.??"]
[Round "2"]
[White "Vandevoort, Pascal"]
[Black "Costa, Jean Luc"]
[Result "1-0"]
[WhiteElo "2250"]
[BlackElo "2425"]

1.c4 c6 2.Nf3 d5 3.d4 Nf6 4.e3 Bf5 5.Nc3 e6 6.Bd3 Bg6 7.O-O Nbd7 8.Qe2 Bb4
9.Bd2 a5 10.cxd5 Bxd3 11.Qxd3 exd5 12.a3 Bd6 13.e4 Nxe4 14.Nxe4 dxe4 15.Qxe4+ Qe7
16.Qf5 O-O 17.Rfe1 Qd8 18.Bg5 Qc7 19.Be7 g6 20.Qh3 Rfe8 21.Ng5 h5 22.Qb3 Rf8
23.Bxf8 Nxf8 24.g3 a4 25.Qf3 Ra5 26.Qe3 Rf5 27.Rac1 Nd7 28.Ne4 Bf8 29.Qd3 Qb6
30.Re2 Rd5 31.Rc4 Qa6 32.Qc2 Ra5 33.Nc5 Nxc5 34.dxc5 Qa8 35.Ree4 Qd8 36.Qc3 Rb5
37.Rcd4 Qf6 38.Re8 Kg7 39.Qd2 Bxc5 40.Rdd8 Qxb2  1-0

[Event "Dortmund op-A"]
[Site "Dortmund"]
[Date "1992.??.??"]
[Round "8"]
[White "Azmaiparashvili, Zurab"]
[Black "Kramnik, Vladimir"]
[Result "1/2-1/2"]
[WhiteElo "2610"]
[BlackElo "2590"]

1.c4 c6 2.b3 d5 3.Bb2 Bg4 4.g3 e6 5.Bg2 Nf6 6.Nf3 Nbd7 7.O-O Bd6 8.d4 O-O
9.Ne5 Bf5 10.Nd2 Qe7 11.a3 Rfd8 12.Ndf3 Be4 13.b4 dxc4  1/2-1/2

[Event "Dortmund op-A"]
[Site "Dortmund"]
[Date "1992.??.??"]
[Round "9"]
[White "Schwartzman, Gabriel"]
[Black "Pinnel, Peter"]
[Result "1-0"]
[WhiteElo "2340"]
[BlackElo "2215"]

1.c4 c6 2.Nf3 Nf6 3.g3 d5 4.b3 Bf5 5.Bg2 e6 6.O-O h6 7.Bb2 Be7 8.d3 O-O 9.Nbd2 Nbd7
10.a3 a5 11.Qc2 Bh7 12.Bc3 b5 13.cxb5 cxb5 14.b4 axb4 15.axb4 Qc7 16.Qb2 Rfc8
17.Rxa8 Rxa8 18.Nb3 Nb6 19.Be5 Na4 20.Bxc7 Nxb2 21.Ba5 Rc8 22.Nfd4 e5 23.Nxb5 e4
24.Rb1 Na4 25.Bf1 Bf5 26.Na7 Ra8 27.Nc6 Bd6 28.b5 Bd7 29.Ra1 Nc5 30.Nxc5 Bxc5
31.Rc1 Bd6 32.Bd2 Kf8 33.d4 Ra2 34.Be1 e3 35.fxe3 Rb2 36.e4 dxe4 37.e3 Ng4
38.Bc3 Rxh2 39.Ne5 Bxe5 40.dxe5 Ra2 41.Bc4 Ra7 42.b6 Rb7 43.Bd4 Nxe5 44.Ba6 Nf3+
45.Kf2 Ne5 46.Bc5+ Ke8 47.Bxb7 Nd3+ 48.Kg2  1-0

[Event "Eger op"]
[Site "Eger"]
[Date "1992.??.??"]
[Round "?"]
[White "Persson, Hakon"]
[Black "Horvath, Peter"]
[Result "1-0"]
[WhiteElo "2235"]
[BlackElo "2365"]

1.c4 c6 2.e4 d5 3.cxd5 cxd5 4.exd5 Qxd5 5.Nc3 Qd8 6.Nf3 Nf6 7.Bc4 e6 8.O-O Be7
9.d4 O-O 10.Bf4 Qb6 11.Qe2 Re8 12.Nb5 Nh5 13.Bc7 Nf4 14.Bxf4 Bd8 15.Nd6 Bd7
16.Nxe8 Bxe8 17.d5 Bd7 18.Ne5 Bc8 19.Nxf7 Kxf7 20.dxe6+ Bxe6 21.Qh5+ Kf8
22.Bxe6 Qxe6 23.Rfe1 Qg6 24.Bd6+ Kf7 25.Qd5+  1-0

[Event "NLD-ch sf"]
[Site "Enschede"]
[Date "1992.??.??"]
[Round "4"]
[White "Martens, Martin"]
[Black "Hoeksema, Hendrik Pieter"]
[Result "1/2-1/2"]
[WhiteElo "2360"]
[BlackElo "2415"]

1.c4 c6 2.e4 e5 3.d4 d6 4.Nc3 Nd7 5.Nf3 Ngf6 6.g3 g6 7.Bg2 Bg7 8.O-O O-O
9.h3 Re8 10.Be3 exd4 11.Nxd4 Nc5 12.Qc2 Bd7 13.Rfe1 Qc8 14.Kh2 Re5 15.f3 Qc7
16.Rad1 Rd8 17.Bf4 Ree8 18.Nb3 Nxb3 19.Qxb3 Be6 20.Qa3 Bxc4 21.Bxd6 Qc8 22.f4 a6
23.e5 Nh5 24.Qb4 Be6 25.Na4 Bf8 26.Nc5 b5 27.Nxe6 Rxe6 28.Qc5 Bxd6 29.exd6 Rxe1
30.Rxe1 Qd7 31.Rd1 Rc8 32.Qb6 Ng7 33.Qxa6 Nf5 34.Qb6 c5 35.Rd5 h5 36.Rxc5 Rxc5
37.Qxc5 Nxd6 38.Qd5 Qc7 39.h4 Qb6 40.b4 Nf5 41.Qd2 Qa7 42.Bh3  1/2-1/2

[Event "Erkelmem op"]
[Site "Erkelmem"]
[Date "1992.??.??"]
[Round "?"]
[White "Videki, Sandor"]
[Black "Kiss, Pal"]
[Result "1-0"]
[WhiteElo "2305"]
[BlackElo "2410"]

1.c4 c6 2.e4 e5 3.Nf3 d6 4.Be2 Bg4 5.O-O Nd7 6.Nc3 Be7 7.Ne1 Bxe2 8.Qxe2 Nc5
9.Nc2 Ne6 10.d3 Bg5 11.Be3 Ne7 12.Rad1 Bxe3 13.Qxe3 c5 14.Ne2 O-O 15.f4 Nd4
16.Ncxd4 cxd4 17.Qf3 Qd7 18.f5 f6 19.Rd2 b5 20.g4 bxc4 21.dxc4 Qc6 22.b3 a5
23.h4 a4 24.g5 axb3 25.axb3 Ra3 26.Kh2 Qa8 27.Ng3 Rb8 28.Rd3 Raxb3 29.Rxb3 Qa2+
30.Rf2 Rxb3 31.Qg2 Qa3 32.gxf6 gxf6 33.Nh5+ Kf7 34.Qg7+ Ke8 35.Nxf6+ Kd8
36.Qf8+ Kc7 37.Qxe7+ Kc8 38.Qf8+ Kb7 39.Qg7+ Kc6 40.Nd5  1-0

[Event "Gausdal Int"]
[Site "Gausdal"]
[Date "1992.??.??"]
[Round "1"]
[White "Christensen, Tobias"]
[Black "Van Wely, Loek"]
[Result "0-1"]
[WhiteElo "2365"]
[BlackElo "2525"]

1.c4 c6 2.d4 d5 3.Nf3 Nf6 4.Nbd2 Bf5 5.e3 e6 6.Be2 Nbd7 7.Nh4 Bg6 8.Nxg6 hxg6
9.cxd5 exd5 10.Bf3 Bd6 11.g3 g5 12.O-O Nb6 13.e4 dxe4 14.Nxe4 Nxe4 15.Bxe4 Qd7
16.Qf3 Qh3 17.Qg2 Qxg2+ 18.Kxg2 Be7 19.Re1 Rd8 20.Bd2 Kf8 21.Rad1 Nd5 22.Bxd5 Rxd5
23.Re5 Rxe5 24.dxe5 Ke8 25.Be3 b6 26.a4 Rh6 27.a5 c5 28.axb6 axb6 29.Ra1 Re6
30.Ra8+ Kd7 31.Ra7+ Kc6 32.Bd2 Kd5 33.Rb7 Kxe5 34.Bc3+ Kf5 35.Bxg7 f6 36.Rb8 Kg6
37.Bh8 c4 38.Kf3 Bc5 39.h4 gxh4 40.gxh4 Bd4 41.Kg4 Bxb2 42.h5+ Kh7 43.f4 Rc6
44.h6 f5+ 45.Kg5 Rg6+  0-1

[Event "Troll Masters"]
[Site "Gausdal"]
[Date "1992.??.??"]
[Round "2"]
[White "Hansen, Lars Bo"]
[Black "Thorhallsson, Throstur"]
[Result "1-0"]
[WhiteElo "2535"]
[BlackElo "2425"]

1.c4 c6 2.d4 d5 3.Nc3 Nf6 4.Nf3 e6 5.cxd5 exd5 6.Bg5 Be7 7.Qc2 g6 8.e4 dxe4
9.Bxf6 Bxf6 10.Qxe4+ Qe7 11.Bc4 O-O 12.Qxe7 Bxe7 13.O-O Bf5 14.Rfe1 Bf6 15.h3 h5
16.Ne5 Nd7 17.Ne4 Bxe5 18.dxe5 Bxe4 19.Rxe4 b5 20.Bf1 Rfe8 21.Rc1 Rac8 22.f4 Nf8
23.g4 hxg4 24.hxg4 Ne6 25.Kf2 Red8 26.f5 Ng5 27.Re3 Rd4 28.Be2 c5 29.Bxb5 Rb8
30.Rxc5 Ne4+ 31.Rxe4 Rxe4 32.Kf3 gxf5 33.gxf5 Re1 34.b3 Kg7 35.Bc4 Rh8 36.Rc7 Rxe5
37.Kf4 Re1 38.Rxf7+ Kh6 39.Rxa7 Rhe8 40.Ra6+ Kh7 41.Re6 R8xe6 42.fxe6 Kg6
43.a4 Kf6 44.a5 Ke7 45.Kf5 Ra1 46.a6 Ra5+ 47.Ke4 Kd6 48.Kd4 Rh5 49.Kc3 Kc6
50.b4 Rh3+ 51.Kd2 Rh2+ 52.Be2 Rh7 53.Kc3 Re7 54.Bc4 Rh7 55.Kb3 Kb6 56.Kb2 Rh3
57.Kc2 Re3 58.Kd2 Re5 59.Kd3 Kc6 60.Kd4 Re1 61.Bd5+ Kb6 62.Be4  1-0

[Event "Troll Masters"]
[Site "Gausdal"]
[Date "1992.??.??"]
[Round "3"]
[White "Quinn, Mark"]
[Black "Hector, Jonny"]
[Result "0-1"]
[WhiteElo "2275"]
[BlackElo "2535"]

1.c4 c6 2.Nf3 d5 3.b3 Bg4 4.Ne5 Bh5 5.Bb2 f6 6.g4 fxe5 7.gxh5 e6 8.e3 Nd7
9.Qg4 Qf6 10.Nc3 Nh6 11.Qh3 Bb4 12.O-O-O Qe7 13.Rg1 Ba3 14.d4 Bxb2+ 15.Kxb2 O-O
16.f3 a5 17.c5 b6 18.Na4 exd4 19.exd4 bxc5 20.dxc5 Rf4 21.Rd3 Qf6+ 22.Kc2 Ne5  0-1

[Event "Troll Masters"]
[Site "Gausdal"]
[Date "1992.??.??"]
[Round "9"]
[White "Stone, Raymond"]
[Black "Hector, Jonny"]
[Result "0-1"]
[WhiteElo "2355"]
[BlackElo "2535"]

1.c4 c6 2.d4 d5 3.Nf3 Nf6 4.Nc3 dxc4 5.a4 Bf5 6.e3 e6 7.Bxc4 Bb4 8.O-O Nbd7
9.Nh4 Bg6 10.Qb3 a5 11.g3 Qb6 12.Bd2 Bh5 13.Rfc1 O-O 14.Be1 Rad8 15.Qc2 c5
16.Nb5 Bxe1 17.Rxe1 cxd4 18.Nxd4 Ne5 19.Be2 Rc8 20.Qd1 Bxe2 21.Qxe2 Nd5 22.Rec1 Nb4
23.Nhf3 Ned3 24.Rc3 e5 25.Nf5 Rcd8 26.e4 Rfe8 27.Ne3 Qg6 28.Nc4 b6 29.Qe3 Nc5
30.Ncxe5 Qxe4 31.Qxe4 Nxe4 32.Rc7 Nd2 33.Kg2 f6 34.Nc6 Nxc6 35.Rxc6 Nxf3
36.Kxf3 Rd3+ 37.Kg2 Rb3 38.Rd1 Kf7 39.Rdd6 Rxb2 40.Rxb6 Rxb6 41.Rxb6 Re4
42.Rb7+ Kg6 43.Kf3 Rxa4 44.Ra7 Ra3+ 45.Kf4 Ra2 46.Kf3 Kh6 47.h4 Kg6 48.Ke3 Ra1
49.Kf4 Ra3 50.Ke4 h5 51.Kf4 Kh6 52.Ra6 Kg6 53.Ra7 Ra1 54.Ke4 Re1+ 55.Kf4 Re5
56.f3 Rf5+ 57.Ke4 Rb5 58.Kf4 Rb4+ 59.Ke3 a4 60.Rc7 Rb3+ 61.Kf4 Rb1 62.Ra7 Ra1
63.g4 hxg4 64.Kxg4 a3 65.Kg3 Kf5 66.Ra5+ Ke6 67.h5 a2 68.Kf4 Kd6 69.Ra8 Kd5
70.Ra7 Kd4 71.Rd7+ Kc3 72.Rc7+ Kd3 73.Rd7+ Ke2 74.Re7+ Kf2 75.Ra7 Ke2 76.Ke4 Kf1
77.Kf4 Kf2 78.Ra8 Kg2 79.Ra7 Kh3 80.Ra8 Kh4  0-1